| 000 | 01544nam a2200397 i 4500 | ||
|---|---|---|---|
| 001 | 195954 | ||
| 003 | ES-MaACL | ||
| 005 | 20250823095621.0 | ||
| 008 | 240804s2019 it a b 000 0 ita d | ||
| 020 | _a9788857556093 | ||
| 020 | _a8857556093 | ||
| 035 | _aRebiun28987229 | ||
| 040 |
_aS9M _bspa _cS9M _dES-MaACL |
||
| 080 |
_a1Sgalambro, Manlio _22015 |
||
| 245 | 0 | 3 |
_aLa piccola verità : _bquattro saggi su Manlio Sgalambro / _cPatrizia Trovato, Antonio Carulli, Piercarlo Necchi, Manuel Pérez Cornejo. |
| 264 | 1 |
_aMilano : _bMimesis, _ccop.2019. |
|
| 300 |
_a162 p. : _bil. ; _c21 cm. |
||
| 336 |
_2rdacontent _atexto |
||
| 337 |
_2rdamedia _asin mediación |
||
| 338 |
_2rdacarrier _avolumen |
||
| 490 | 0 |
_aFilosofie ; _vn. 634 |
|
| 504 | _aIncluye bibliogr. ref | ||
| 600 | 0 |
_aSgalambro, Manlio, _d1924-2014 _9237716 |
|
| 600 | 1 | 0 |
_aSpinoza, Benedictus de- _xInfluencia- _xSgalambro, Manlio _9237717 |
| 650 | 0 | 7 |
_aEstética musical _2embne _912548 |
| 700 |
_aTrovato, Patrizia _9237719 _eaut |
||
| 700 |
_aCarulli, Antonio, _d1983- _9237720 _eaut |
||
| 700 |
_aNecchi, Piercarlo _9237721 _eaut |
||
| 700 | 1 |
_aPérez Cornejo, Manuel _990742 _eaut |
|
| 852 |
_aES-MaACL _bR.152833 _cDEPOJ _jN-9079 _hDonación: Manuel Pérez Cornejo _xEncuadernación rústica _9204986 |
||
| 903 |
_990742 _aPérez Cornejo, Manuel _ednr |
||
| 942 |
_cMONOGRAFIA _n0 |
||
| 999 |
_c195954 _d195954 |
||